00424nam a2200121Ia 45000010005000000080041000050820033000461000082000792450073001612600024002349010029002589990015002871091241024s9999 xx 000 0 und d aRD/330.97293/R426p/2010-2013 aRepública Dominicana. Ministerio de Económia Planificación y Desarrollo 0aPropuesta de Plan Nacional Plurianual del sector público 2010-2013 bSanto Domingoc2010 a28/12/2010 11:17:53 a.m. c9740d9740